Older PC Games Quiz - Statistics

General Stats
  • This quiz has been taken 8 times
  • The average score is 2 of 16
Answer Stats
Picture Answer % Correct
Mortal Kombat 4
38%
Titan Quest
38%
Disciples II
25%
Heroes IV of Might and Magic
25%
Jazz JackRabbit 2
25%
Empire Earth
13%
Gubble
13%
Mount and Blade with Fire and Sword
13%
Shogo
13%
War of the Ring
13%
Ascension to the Throne
0%
Avencast
0%
Dragonshard
0%
Dynamite Joe
0%
Etherlords
0%
Rage
0%
No matching quizzes found
Score Distribution
Percent of People with Each Score
Percentile by Number Answered
Your Score History
You have not taken this quiz